| 000 | 01184cam a2200229 4500 | ||
|---|---|---|---|
| 001 | J117797 | ||
| 008 | 020501n2001 000 0 eng u | ||
| 035 | _a(Sirsi) u117797 | ||
| 041 | _aeng. | ||
| 050 | _a711.14 | ||
| 110 |
_aDepartment for Transport, Local Government and the Regions _94091 |
||
| 245 | _aCompulsory purchase and compensation | ||
| 260 |
_bDepartment for Transport, Local Government and the Regions _c2001 |
||
| 300 |
_a23p. _c30cm. |
||
| 520 | _aFirst in a series of five booklets which explain, in simple terms, how the compulsory purchase system works. Provides an overview of the following issues: why there is a need to make compulsory purchase orders; who can use these powers; how the powers are implemented by the acquiring authority; individuals' rights and what opportunities exist to resist or influence the procedure. Booklets 1-4 held only. For booklets 2-4 see: J11481, J11482, J11483. | ||
| 650 | _aCOMPULSORY PURCHASE ORDERS | ||
| 650 | _aPLANNING | ||
| 650 | _aCOMPENSATION | ||
| 690 | _aENVIRONMENTAL AND LAND CONSULTANCY-PLANNING AND DEVELOPMENT-COMPULSORY PURCHASE AND COMPENSATION | ||
| 710 |
_aDrivers Jonas _91941 |
||
| 942 | _n0 | ||
| 999 |
_c102058 _d102058 |
||